Physical foundations of cosmology

Gespeichert in:
Bibliographische Detailangaben
1. Verfasser: Mukhanov, Viatcheslav F. (VerfasserIn)
Format: Buch
Sprache:Englisch
Veröffentlicht: Cambridge Cambridge University 2005
Ausgabe:1a. ed
Schlagworte:
Tags: Tag hinzufügen
Keine Tags, Fügen Sie den ersten Tag hinzu!

MARC

LEADER 00000cam a2200000 a 4500
001 UCF4649
003 CL-VaPUC
008 121220e20050000UK |||||||||||||||||eng|d
020 |a 9780521563987 
082 0 4 |a 523.1  |b MUK  |2 21 
100 |a Mukhanov, Viatcheslav F.  |e author  |9 616844 
245 1 0 |a Physical foundations of cosmology 
250 |a 1a. ed 
300 |a 417 p 
942 |c BK 
945 |d 20121220 00:00:00  |a cmena 
260 |a Cambridge  |b Cambridge University  |c 2005 
650 0 |a Cosmología  |9 269138 
650 7 |a CUERPOS CELESTES  |2 CL-VaPUC  |9 310384 
650 0 |a Teorías científicas  |9 316549 
583 |a last modification  |c 20121220 10:25:00  |k Rodrigo Vera 
999 |c 350396  |d 350394 
952 |0 0  |1 0  |4 0  |6 523_100000000000000_MUK_2005  |7 0  |8 A  |9 453692  |a BIBCUR  |b BIBCUR  |d 2019-11-22  |i 4927885  |l 1  |m 2  |o 523.1 MUK 2005  |p 4927885  |r 2025-04-22  |s 2023-10-25  |w 2019-11-22  |y BK  |k FIS